| 000 | 00584nam a2200205Ia 4500 | ||
|---|---|---|---|
| 005 | 20250508164556.0 | ||
| 008 | 008 250505s9999 xx 000 0 eng d | ||
| 020 | _a1-85396-429-8 | ||
| 037 | _aTextual | ||
| 040 |
_aFEDL _beng _cFEDL |
||
| 041 |
_aeng _2eng |
||
| 084 |
_a372, STU _qFEDL |
||
| 245 | 0 | _aStudy of primary education: A source book. 3 Vols. | |
| 250 | _a2 | ||
| 260 |
_aLondon, UK _bThe Falmer Press _c1990 |
||
| 490 | _vV.1 Perspectives. 435p.GBP 12.50 | ||
| 650 | _aElementary education | ||
| 942 |
_cTEXL _h372, STU |
||
| 999 |
_c1389896 _d1389896 |
||